| 000 | 00659cam a22002413a 4500 | ||
|---|---|---|---|
| 001 | 10405 | ||
| 003 | PGUSA | ||
| 005 | 20140828083224.0 | ||
| 008 | 031201s2003||||xxu|||||s|||||000 | eng d | ||
| 040 |
_aPGUSA _beng |
||
| 042 | _adc | ||
| 050 | 4 | _aM | |
| 245 | 1 | 0 |
_aClarinet Squawk : _bOne Step _h[electronic resource] |
| 260 |
_bProject Gutenberg, _c2003 |
||
| 500 | _aRecorded c. September 1919 in New York City. | ||
| 506 | _aPublic domain in the USA. | ||
| 516 | _aElectronic text | ||
| 653 | _aJazz -- To 1921 | ||
| 700 | 1 | _aLouisiana Five | |
| 830 | 0 |
_aProject Gutenberg _v10405 |
|
| 856 | 4 | 0 | _uhttp://www.gutenberg.org/ebooks/10405 |
| 942 | _cEB | ||
| 999 |
_c239660 _d239660 |
||